000
00323nam a22001337a 4500
008
181101b xxu||||| |||| 00| 0 eng d
020
_a
9781427797476
041
_a
eng
080
_a
610
100
_a
4
101
_a
SHM
245
_a
NCLEX-RN Medications you need to know for the exam
_c
Arnoldussen,B
942
_2
udc
_c
BK
999
_c
51483
_d
51483